Parallel logic programming im PARLOG : The language and its implementation /

Guardado en:
Detalles Bibliográficos
Autor principal: Gregory, Steve (Autor)
Formato: Libro
Lenguaje:inglés
Publicado: Reading : Addison-Wesley, 1987
Edición:1.vyd.
Etiquetas: Agregar Etiqueta
Sin Etiquetas, Sea el primero en etiquetar este registro!

MARC

LEADER 00000nam a22000003a 4500
001 stu8546
005 20150617225807.2
008 960126s1987----xxu-----------------eng-d
040 |a STU  |b slo 
041 0 |a eng 
044 |a xxu 
080 |a 681.32 
080 |a 519.682 
100 1 |a Gregory, Steve  |4 aut 
245 1 |a Parallel logic programming im PARLOG :  |b The language and its implementation /  |c [aut.] Gregory,Steve 
250 |a 1.vyd. 
260 |a Reading :  |b Addison-Wesley,  |c 1987 
300 |a 217 s 
996 |b 284IQ00029  |c I*16PJ3521  |l I  |s A  |a 24  |w stu8546_0001